1243 1513 1022 1518 1897 1357 1730 1462 1870 1427 1812 1540 1312 1768 1917 1656 1671 1062 1122 1631 1450 1304 1757 1912 1165 1512 1752 1236 1178 1831 1457 1253 1655 1822 1897 1797 1440 1527 1867 1823 1778 1009 1387 1593 1251 1659 1911 1837 1228 1344 1110 1472 1241 1747 1437 1140 1905 1744 1396 1857 1761 1355 1428 1237 1850 1781 1723 1511 1251 1072 1828 1904 1363 1023 1985 1406 1395 1417 1953 1479 1236 1764 1512 1924 1532 1451 1209 1092 1002 1331 1996 1732 1498 1214 1804 1254 1954 2000 1292 BCNSPRNW ULIB Ver.6.0+V

เปลี่ยนเป็นภาษาไทย

Change to English
 แสดงรายละเอียดบรรณานุกรม
  กลับหน้าหลัก

Brief Record : Get Marc (ISO 2709) : E-mail record : QR code < ปิดหน้าต่าง
LEADER : 00000nam 2200000uu 4500
001    13399125514
003     ULIB
008    170620s2559||||th 000 0 tha d
020    ^a9786169203575
060  0 ^aWO100^bศ334 ล.54
245 10 ^aศัลยศาสตร์วิวัฒน์ เล่ม 54 =^bDealing with colorectal diseases 2016/^cบรรณาธิการ,ต้น คงเป็นสุข...[และคนอื่นๆ].
250    ^aพิมพ์ครั้งที่ 1.
260    ^aกรุงเทพฯ:^bกรุงเทพเวชสาร,^c2559.
300    ^a491 หน้า.
650  7 ^aศัลยศาสตร์วิวัฒน์
700 0  ^aต้น คงเป็นสุข,^eบรรณาธิการ
945    ^p0^l0^i002334
945    ^p0^l0^i002335
945    ^p0^l0^i002336
999    ^aวรรณษา ชูชัยมงคล
รายการนี้ยังไม่มีแท็ก
คุณยังไม่ได้ล็อกอิน คุณสามารถมีกิจกรรมร่วมกับเว็บไซต์ได้ แต่ต้องล็อกอินก่อน ::
  ล็อกอิน

รายการสื่อสารสนเทศ

ลำดับที่ ประเภท เลขเรียก/บาร์โค้ด สถานที่ สถานะ
1. วิทยาศาสตร์การแพทย์ และสุขภาพ
วิทยาศาสตร์การแพทย์ และสุขภาพ
สถานะ=หนังสือเก่า
WO100 ศ334 ล.54 ฉ.1 
  Barcode: 002334
ห้องสมุดวิทยาเขตสวรรค์ประชารักษ์
►ส่วนจัดเก็บหนังสือเก่า สปร
บนชั้น
  ขอยืม
2. วิทยาศาสตร์การแพทย์ และสุขภาพ
วิทยาศาสตร์การแพทย์ และสุขภาพ
สถานะ=หนังสือเก่า
WO100 ศ334 ล.54 ฉ.2 
  Barcode: 002335
ห้องสมุดวิทยาเขตสวรรค์ประชารักษ์
►ส่วนจัดเก็บหนังสือเก่า สปร
บนชั้น
  ขอยืม
3. วิทยาศาสตร์การแพทย์ และสุขภาพ
วิทยาศาสตร์การแพทย์ และสุขภาพ
สถานะ=หนังสือเก่า
WO100 ศ334 ล.54 ฉ.3 
  Barcode: 002336
ห้องสมุดวิทยาเขตสวรรค์ประชารักษ์
►ส่วนจัดเก็บหนังสือเก่า สปร
บนชั้น
  ขอยืม

BibComment


ยังไม่เคยถูกคอมเมนท์

คอมเมนท์ทรัพยากรรายการนี้
  คอมเมนท์: ศัลยศาสตร์วิวัฒน..


 Copyright 2026. Bcnsprnw @Library